| 000 | 00886nam a2200253Ia 4500 | ||
|---|---|---|---|
| 003 | OSt | ||
| 005 | 20220923222431.0 | ||
| 006 | a|||||r|||| 00| 0 | ||
| 007 | ta | ||
| 008 | 220922b |||||||| |||| 00| 0 hin d | ||
| 024 | _a204,928 | ||
| 037 | _cTextual | ||
| 040 |
_aARTS _cARTS _bhin |
||
| 041 |
_2hin _ahin |
||
| 082 | _aO111975,1M80,1, 152N0 | ||
| 100 |
_aलोन्रोट, एलिआस; खरे, विष्णु, अनु. _9166907 |
||
| 245 | 0 | _aकालेवाला | |
| 246 | _aKālevālā | ||
| 260 |
_aनई दिल्ली _b वाणी प्रका0 _c1990 |
||
| 300 |
_a13]767पृ. _ccm. |
||
| 650 |
_aहिन्दी साहित्य _9156264 |
||
| 942 |
_hO111975,1M80,1, 152N0 _cTEXL _2CC |
||
| 999 |
_c355676 _d355676 |
||